Ellana Bishop - Statistics

General Stats
  • This quiz has been taken 5 times
  • The average score is 12 of 15
Answer Stats
Hint Answer % Correct
What is my date of birth? 23/09/1996
100%
What country does my brother live in? Australia
100%
Who is the only friend I have ever been abroad on holiday with? Jordan
100%
What are my parents names? Katrina and Steve
100%
What high street shop have I probably bought the most clothes from in my life? New Look
100%
Who did I live with at University? Rob, Matt and Elliot
100%
What is the name of my childhood dog? Rocky
100%
When is my favourite time of year? Summer
100%
What country was the best holiday i've ever been on to? America
75%
Who was my childhood bestfriend? Jake
75%
What is my favourite musical? Les Mis
75%
What is my favourite colour? Yellow
75%
During my A levels I had to do an extended project on a topic, what was my topic? Jack the Ripper
50%
What are my parents dogs called now? Dexter and Rocko
25%
Who was the first musical act that I ever saw live? Sugababes
25%
No matching quizzes found
Score Distribution
Percent of People with Each Score
Percentile by Number Answered
Your Score History
You have not taken this quiz